| 000 | 01519nam a22003497a 4500 | ||
|---|---|---|---|
| 005 | 20240530110445.0 | ||
| 008 | 150427s2010 ua g v 000 0 ara d | ||
| 017 |
_a2010/24898 _bمصر . دار الكتب المصرية |
||
| 020 | _a9789774210310 | ||
| 040 | _aEG-CaGPL | ||
| 082 | 0 | 4 |
_221 _a258.1\ _bم ك |
| 100 | 0 | _aمحمد قدرى | |
| 245 | 1 | 0 |
_aكتاب مرشد الحيران الى معرفة احوال الانسان : _bفى المعاملات الشرعية على مذهب الامام الاعظم ابى حنيفة النعمان / _cمحمد قدرى |
| 260 |
_aالقاهرة : _bالهيئة المصرية العامة للكتاب ، _c2010 . |
||
| 300 |
_a302 ص ؛ _c20 سم |
||
| 650 | 0 | 4 |
_aالقانون المدنى _zمصر |
| 650 | 0 | 4 | _aالصلح ( قانون مدنى ) |
| 650 | 0 | 4 | _aالرهن ( قانون مدنى ) |
| 650 | 0 | 4 | _aالوكالة ( قانون مدنى ) |
| 650 | 0 | 4 | _aالحوالة ( قانون مدنى ) |
| 650 | 0 | 4 | _aالشركة ( قانون مدنى ) |
| 650 | 0 | 4 | _aالاجازة ( قانون مدنى ) |
| 650 | 0 | 4 | _aالبيع ( قانون مدنى ) |
| 650 | 0 | 4 | _aالامانات ( قانون مدنى ) |
| 650 | 0 | 4 | _aالضمانات ( قانون مدنى ) |
| 650 | 0 | 4 | _aالعقود ( قانون مدنى ) |
| 650 | 0 | 4 | _aالاموال ( قانون مدنى ) |
| 650 | 0 | 4 | _aالاحكام الشرعية |
| 650 | 0 | 4 |
_aالفقه الاسلامى _xاصول |
| 942 |
_2ddc _cBK |
||
| 999 |
_c61122 _d61122 |
||